| 000 | 00530nam a2200181Ia 4500 | ||
|---|---|---|---|
| 008 | 090123s9999 xx 000 0 und d | ||
| 082 | _b16043 | ||
| 100 | _aपरदेशी दिलीप | ||
| 245 | _aमन धुवाधार | ||
| 250 | _a1 | ||
| 260 |
_bअजब प्रकाशन _c1986 |
||
| 300 | _a66 | ||
| 600 | _aपरदेशी दिलीप | ||
| 630 | _aमन धुवाधार | ||
| 700 | _aपरदेशी दिलीप | ||
| 730 | _aमन धुवाधार | ||
| 942 | _cBOOK | ||
| 999 |
_c54106 _d54106 |
||